Most watched television interveiws - Statistics

General Stats
  • This quiz has been taken 15 times
  • The average score is 4 of 10
Answer Stats
Year Aired Average viewers(Millions) Network Interveiwer Interveiewee % Correct
2021 49.10 CBS Oprah Winfrey The Duke and Duchess of Suffolk
86%
1992 34.00 CBS Steve Kroft Bill and Hilary Clinton
57%
1993 62.30 ABC Oprah Winfrey Michael Jackson
57%
1995 37.50 ABC Diane Sawyer Michael Jackson and Lisa Marie Presley
57%
2009 21.90 NBC Matt Lauer Barak Obama
50%
1995 22.78 BBC1 Martin Bashir Diana, Princess of Wales
43%
1977 45.00 CBS David Frost Richard Nixon
43%
1999 48.54 ABC Barbara Walters Monica Lewinsky
7%
2018 22.11 CBS Anderson Cooper Stormy Daniels
7%
2002 21.27 ABC Diane Sawyer Whitney Houston
7%
No matching quizzes found
Score Distribution
Percent of People with Each Score
Percentile by Number Answered
Your Score History
You have not taken this quiz